| 000 | 00709nam a2200193 i 4500 | ||
|---|---|---|---|
| 001 | bgj | ||
| 100 | 1 | _aKROGMANN, Werner. | |
| 245 | 1 | 0 |
_aZur Entwicklung tragischer Bauformen im dramatischen Schaffen Lessings _bvon der Philosophischen Fakultät der Technischen Universität Berlin zur Erlangung des akademischen Grades Doktor Philosophie genehmigte Dissertation / _cvorgelegt von Werner Krogmann. |
| 260 |
_a[Berlin : _bTechnische Universität], _c1970. |
||
| 300 |
_a267 s. ; _c21 cm. |
||
| 600 | 1 | _aLESSING, Gotthold Ephraim. | |
| 650 | 9 | _aLiteratura niemiecka | |
| 040 | _cBPK | ||
| 041 | 0 | _ager | |
| 044 | _aDEU | ||
| 080 | _a821.112.2 | ||
| 942 | _cKS | ||
| 008 | s gw f |000 0 ger | ||
| 999 |
_c49894 _d49894 |
||
| 856 |
_uhttp://koha.tu.koszalin.pl/cgi-bin/koha/opac-detail.pl?biblionumber=49894 _yKatalog online BPK |
||